000 00679 a2200229 4500
005 20260317124020.0
008 260317b |||||||| |||| 00| 0 eng d
020 _a9789348759351 (hbk)
037 _cTB
040 _aCRL
_cCRL
041 _2URD
_aURD
084 _aO168,3NMA,AW R5
_bCRL
100 _aMalik, Saad
_91114997
245 _aAwara
260 _aLucknow, India:
_bMatterlink Publishers,
_c2025.
300 _a311p.
365 _b700.00
_cINR
650 _aUrdu Literature
650 _aUrdu Fiction
942 _cTB
_2CC
_hO168,3NMA,AW R5
999 _c1679216
_d1679216